| 000 | 01137nam a22002657a 4500 | ||
|---|---|---|---|
| 999 |
_c63575 _d63575 |
||
| 005 | 20240530110648.0 | ||
| 008 | 171025s2015 ua a g 000 0 ara d | ||
| 017 |
_a2014/14527 _bمصر. دار الكتب |
||
| 020 | _a9789773505936 | ||
| 040 |
_aEG-CaGPL _cEG-CaGPL |
||
| 082 | 0 | 4 |
_221 _a370.7 / _bخ ت |
| 100 | 0 | _aخيرى عبدالله سليم | |
| 245 | 1 | 2 |
_aالتعليم النشط وجودة التعليم / _cتاليف خيرى عبدالله سليم ، محمد حسن ابراهيم ، ميشيل عبدالمسيح عوض |
| 250 | _aط. 1 | ||
| 260 |
_aالقاهرة : _bدار الكتاب الحديث ، _c2015. |
||
| 300 |
_a346 ص. : _bايض ؛ _c24 سم. |
||
| 504 | _aشتمل على ارجاعات ببليوجرافية | ||
| 650 | 0 | 7 |
_2qrmak _aالتعليم _xطرق القياس |
| 650 | 0 | 7 |
_2qrmak _aالفروق الفردية فى التعليم |
| 653 | 0 | _aجودة التعليم | |
| 700 | 0 |
_aمحمد حسن ابراهيم _eمؤلف مشارك |
|
| 700 | 0 |
_aميشيل عبدالمسيح عوض _eمؤلف مشارك |
|
| 942 |
_2ddc _cBK |
||